000
00398nam a2200133Ia 4500
008
151001s9999||||xx |||||||||||||| ||und||
100
_a
शशिकला साळगांवकर
245
_a
कुणी काही म्हणा
250
_a
1
260
_b
राजेंद्र प्रकाशन ठाणे
260
_c
1981
300
_a
100
365
_b
18
999
_c
963827
_d
963824